Winesburg, Ohio, Text and Criticism
Збережено в:
| Автор: | |
|---|---|
| Формат: | Книга |
| Мова: | Undetermined |
| Опубліковано: |
New York, Estados Unidos
Penguin Books
1986
|
| Предмети: | |
| Теги: |
Додати тег
Немає тегів, Будьте першим, хто поставить тег для цього запису!
|
MARC
| LEADER | 00000nam a2200000Ia 4500 | ||
|---|---|---|---|
| 008 | 170316s9999 xx 000 0 und d | ||
| 999 | |c 5432 |d 5432 | ||
| 040 | |a cru BVZT | ||
| 090 | |a 810 A-9wi | ||
| 100 | |a Anderson, Sherwood | ||
| 245 | |a Winesburg, Ohio, Text and Criticism |c / Anderson Sherwood | ||
| 260 | |a New York, Estados Unidos |b Penguin Books |c 1986 | ||
| 300 | |a 511 páginas | ||
| 650 | |a LITERATURA ESTADOUNIDENSE |9 25 | ||
| 942 | |c 15 D |h 810 A-9wi |2 z | ||
